| 000 | 00482nam a2200181Ia 4500 | ||
|---|---|---|---|
| 008 | 230711s9999||||xx |||||||||||||| ||und|| | ||
| 020 | _a978-93-85059-12-4 | ||
| 041 | _aENG | ||
| 082 |
_a677.6 _bKA-N |
||
| 100 | _aKarthik,T | ||
| 245 | 0 | _aNon-woven- Process, Structure, Properties and Applications | |
| 250 | _a1st Ed. | ||
| 260 |
_c2016 _aNew Delhi _bWoodhead Publishing Pvt Ltd |
||
| 300 | _a338p. | ||
| 650 | _aTextile Engineering | ||
| 700 | _aPrabha Karan C | ||
| 942 | _cBK | ||
| 999 |
_c6097 _d6097 |
||